000 00902nam a2200253 a 4500
999 _c628
_d628
005 20191217041553.0
008 140221b1990 ck ado gr||||o00| 0 spa d
040 _aCO-BoIAVH
_cCO-BoIAVH
041 0 _aspa
044 _ack
090 _aIND-I
_b50
110 2 _bDepartamento Nacional de Planeación
_aColombia.
245 1 0 _aPlan de acción forestal para Colombia
260 _aBogotá :
_bDNP :
_bMinisterio de Agricultura :
_bInderena :
_bCONIF y ACIF,
_c1990.
300 _a257 paginas :
_bilustraciones ;
_c33 x 23 cm.
505 0 _aVolumen 1: 1987. Volumen 2: 1989-1992.
650 4 _aPlan de acción forestal
650 4 _aSilvicultura
650 4 _aAprovechamiento forestal
710 2 _aColombia. Ministerio de Agricultura
710 2 _aInderena
710 2 _aCorporación Nacional de Investigación y Fomento Forestal
942 _cINFORME
_2z